00362nam a2200145Ia 4500008004100000020001500041041001200056100001800068245006000086250000800146260003300154300000800187650000700195700001400202221030s9999 xx 000 0 und d a8126552337 aEnglish aF. Golnaraghi 0aAutomatic Control Systemscby F. Golnaraghi, B. C. Kuo a5th bWilley Pub.aNew Delhic2015 a786 aEE aB. C. Kuo